| 000 | 00671cam a22002412 4500 | ||
|---|---|---|---|
| 001 | 0000019174 | ||
| 005 | 20151217152147.0 | ||
| 008 | 101018s xx 000 0 eng d | ||
| 020 | _a | ||
| 040 |
_aKABU _cKABU |
||
| 100 | 1 | _a | |
| 245 | 1 | 0 |
_aTowards the renaissance of constitutionalism in Africa / _cedited by Babacar Kante, Marlies E. Pietermaat-Kros. |
| 250 | _a | ||
| 260 |
_aDakar, Senegal : _bGoree Institute, _c1998. |
||
| 300 | _a | ||
| 500 | _aPhotocopy. | ||
| 505 | 8 | _aPages. | |
| 650 | 0 |
_a _z |
|
| 700 | 1 |
_aKante, Babacar. _@0000178814 |
|
| 700 | 1 |
_aPietermaat-Kros, Marlies E. _@0000178815 |
|
| 908 | _a101018 | ||
| 999 |
_c8857 _d8857 |
||